Transcontinental Countries - Sudden Death - Statistics

General Stats
  • This quiz has been taken 832 times
    829 since last reset
  • The average score is 8 of 18
Answers on the Grid
Answers color-coded by a green-red scale on the quiz's grid according to % correct below.
Algeria
Argentina
Australia
Botswana
Bulgaria
Canada
Chile
Colombia
Cuba
Denmark
Egypt
France
Germany
India
Italy
Mongolia
Netherlands
New Zealand
Norway
Panama
Peru
Philippines
Portugal
Russia
Saudi Arabia
Somalia
Spain
Turkey
United Kingdom
United States
 
Answer Stats
Answer % Correct
Russia
83%
Turkey
74%
France
69%
United Kingdom
68%
United States
65%
Denmark
56%
Spain
56%
Egypt
52%
Netherlands
50%
Panama
41%
Portugal
38%
Australia
37%
Norway
28%
Chile
21%
Argentina
20%
New Zealand
20%
Colombia
18%
Italy
17%
No matching quizzes found
Score Distribution
Percent of People with Each Score
Percentile by Number Answered
Your Score History
You have not taken this quiz since the last reset